[Event "Stay Safe Play From Home 289"]
[Site "Emanuel Lasker Arena"]
[Date "2020.07.09"]
[Round "8"]
[White "Bardellosport"]
[Black "SoulofWolf"]
[Result "0-1"]
[WhiteElo "1955"]
[BlackElo "2269"]
[Annotator "TA"]
[PlyCount "66"]
[EventDate "2020.07.09"]
[EventType "swiss (blitz)"]

{[%evp 9,66,-28,2,-6,-6,-12,29,-5,41,41,120,103,219,215,453,109,109,108,221,222,231,234,613,544,545,377,628,-953,162,-932,-928,-864,-635,-1107,-1039,-1040,-1040,-1158,-1137,-1325,-1320,-1842,-1783,-1719,-1478,-1806,-1748,-1654,-1561,-1692,-1254,-1596,-1533,-29993,-29974,-6487,-6399,-5914,-5831]} 1. d4 c5 2. e3 e6 3. c3 Nf6 4. f4 b6 5. Nf3 d6 6. Bd3 {A43: Schmid Benoni.} Bb7 7. Qe2 Nbd7 8. Nbd2 {[%cal Bb1d2,Bd2e4,Be4d6][%mdl 32] [#] White has an edge.} g6 $146 ({Predecessor:} 8... Be7 9. O-O O-O 10. b3 Qc7 11. Bb2 e5 12. fxe5 dxe5 13. dxe5 Nxe5 14. Nxe5 Qxe5 {0-1 (58) Girak,R (1573)-Dmitrenko,G (2144) Kiev 2010}) 9. e4 Bg7 (9... Be7 $14) 10. e5 $16 Nd5 (10... dxe5 $16 {keeps fighting.} 11. fxe5 Nd5) 11. Ne4 $18 dxe5 $2 (11... O-O 12. Nxd6 Bc6) 12. fxe5 $2 (12. Nd6+ $18 {and the rest is easy.} Ke7 13. fxe5) 12... O-O $16 13. O-O {Black must now prevent Nd6.} Re8 (13... Ne7 $16) 14. Nd6 $18 Qc7 15. Ng5 Rf8 $2 (15... f5 16. exf6 (16. Nxe8 Rxe8 17. Bd2 h6 $18) 16... N7xf6) 16. Ngxf7 Ne7 17. g4 a5 $2 (17... cxd4 18. cxd4 Nc6) 18. Qg2 $4 {[%mdl 8192]} (18. Bh6 $18) 18... cxd4 $4 {[%mdl 8192]} (18... Bxg2 $19 19. Kxg2 Nc8) 19. cxd4 $4 {[%mdl 8192]} ({Don't take} 19. Nxb7 $6 dxc3 20. Nh6+ Kh8 $14) (19. Qxb7 $18 Qxb7 20. Nxb7) 19... Bxg2 $19 20. Kxg2 Nd5 21. Rf3 {[#]} Nxe5 $1 22. dxe5 {[#]} Bxe5 $1 23. Nb5 (23. Nxe5 Qxd6) 23... Qb8 24. Nh6+ Kg7 25. Bg5 Rxf3 26. Kxf3 Qf8+ 27. Ke2 Nf4+ 28. Bxf4 Bxf4 29. Rf1 e5 {And now ...Qc5 would win.} 30. g5 Qb4 {...Rd8 is the strong threat.} 31. Be4 Qxb2+ 32. Kf3 Qxb5 33. Rd1 Rc8 {Accuracy: White = 33%, Black = 32%.} 0-1

[Event "Stay Safe Play From Home 289"]
[Site "Emanuel Lasker Arena"]
[Date "2020.07.09"]
[Round "8"]
[White "Mandy"]
[Black "Lamborghini"]
[Result "0-1"]
[WhiteElo "900"]
[BlackElo "2212"]
[Annotator "TA"]
[PlyCount "34"]
[EventDate "2020.07.09"]
[EventType "swiss (blitz)"]

{[%evp 9,34,0,10,6,8,9,30,21,43,0,16,16,35,56,39,-6,15,-35,-17,-322,-337,-385,-331,-604,-401,-431,-405]} 1. d4 Nf6 2. Bf4 c5 3. e3 Qb6 4. b3 d6 5. c3 {[#]} Bf5 $146 ({Predecessor:} 5... g6 6. Bd3 Bg7 7. h3 Nd5 8. Bg3 cxd4 9. exd4 Nc6 10. Nf3 O-O 11. O-O Rd8 {0-1 (38) Kabierschke,W (1982)-Alt,H (1964) Wesel Undeloh 2018}) 6. Bd3 {A45: Trompowsky Attack.} Bxd3 7. Qxd3 Nbd7 8. Nf3 {White has an edge.} Rc8 9. h3 e6 10. O-O Be7 11. c4 O-O 12. Nbd2 cxd4 13. Nxd4 Rfe8 {[#] Hoping for ...e5.} 14. Bxd6 $2 {[%mdl 8192] This costs White the game.} (14. Bg3 $11) 14... Bxd6 $19 15. N2f3 Bf8 {...e5 is the strong threat.} 16. g3 $2 (16. Ne2) 16... Nc5 17. Qc3 e5 {Accuracy: White = 23%, Black = 74%.} 0-1

[Event "Stay Safe Play From Home 289"]
[Site "Emanuel Lasker Arena"]
[Date "2020.07.09"]
[Round "9"]
[White "AChessPlayer"]
[Black "SoulofWolf"]
[Result "1-0"]
[WhiteElo "2404"]
[BlackElo "2274"]
[Annotator "TA"]
[PlyCount "57"]
[EventDate "2020.07.09"]
[EventType "swiss (blitz)"]

{[%evp 9,56,28,32,0,34,11,5,4,36,43,75,77,119,39,102,97,202,186,181,87,164,175,435,341,647,637,661,660,650,583,768,780,872,846,1083,1087,1413,1095,1161,1106,3310,2913,29981,29982,29992,29990,29997,29998,29999]} 1. Nf3 Nc6 2. g3 e6 3. Bg2 d5 4. O-O Nf6 5. d4 Be7 6. Bf4 {D02: 1 d4 d5 2 Nf3 sidelines, including 2...Nf6 3 g3 and 2...Nf6 3 Bf4.} Bd7 {[#]} 7. b3 $146 {[%cal Bb2b3,Bb3c4,Bc4d5][%mdl 32]} ({Predecessor:} 7. Nbd2 O-O 8. c4 dxc4 9. Nxc4 Nh5 10. Be3 Bd6 11. Nxd6 cxd6 12. Qb3 Na5 13. Qb4 {1-0 (21) Ampaire,S (1558)-Zuri,T Kampala 2018}) 7... O-O 8. c4 {The position is equal.} a6 9. Nc3 dxc4 10. bxc4 h6 11. e4 (11. Rb1 $16) 11... b5 (11... Bb4 $14 12. Qd3 Bxc3 13. Qxc3 Nxe4) 12. d5 exd5 (12... Na5 $16) 13. cxd5 $18 Na5 14. Nd4 (14. e5 $18 {is more deadly.}) 14... Bd6 (14... Bb4 $16) 15. e5 $36 {[%mdl 2048] Black is under strong pressure.} b4 $2 (15... g5 16. exd6 gxf4) 16. Nce2 {[%cal Bc3e2,Be2f4,Bf4d5,Bd5e7][%mdl 32]} ({Weaker is} 16. exf6 bxc3 17. fxg7 Kxg7 $16) 16... Nh5 $2 (16... g5 17. exd6 gxf4 18. dxc7 Qxc7) 17. exd6 Nxf4 18. Nxf4 cxd6 19. Nc6 Nxc6 20. dxc6 Bf5 21. Rc1 Qc7 22. Nd5 Qa5 23. Ne7+ {[%mdl 64] [#] Discovered Attack} Kh8 24. c7 Bd7 25. Bxa8 Rxa8 26. Qxd6 {White mates.} Qa4 27. Rfd1 Bc8 28. Qd8+ {[%mdl 64] [#] Double Attack} Kh7 29. Qg8# {Accuracy: White = 59%, Black = 13%.} 1-0

[Event "Stay Safe Play From Home 289"]
[Site "Emanuel Lasker Arena"]
[Date "2020.07.09"]
[Round "9"]
[White "Lamborghini"]
[Black "Eidgenosse"]
[Result "0-1"]
[WhiteElo "2212"]
[BlackElo "2438"]
[Annotator "TA"]
[PlyCount "118"]
[EventDate "2020.07.09"]
[EventType "swiss (blitz)"]

{[%evp 9,118,75,79,58,74,58,92,90,145,115,182,181,168,178,188,151,507,566,449,168,159,158,162,152,150,160,160,153,146,100,101,-223,-213,-210,-208,-269,-287,-281,-258,-256,-255,-245,-239,-296,-309,-283,-236,-221,-222,-421,-277,-548,-313,-307,-303,-441,-291,-293,-285,-314,-303,-386,-386,-386,-386,-1077,-1077,-1038,-959,-712,-858,-756,-702,-1324,-997,-29983,-29984,-29983,-29983,-29984,-29985,-29985,-29985,-29986,-29984,-29985,-29984,-29984,-29985,-29987,-29988,-29988,-29987,-29987,-29988,-29988,-29988,-29989,-29989,-29990,-29991,-29991,-29992,-29999,-29994,-29997,-29995,-29997,-29998,-29998,-29999]} 1. e4 d6 2. d4 Nf6 3. Nc3 Nbd7 4. g4 e5 5. g5 Ng8 6. Nf3 {B07: Pirc Defence: Miscellaneous Systems.} c6 7. h4 Qc7 8. Be3 {White is better.} g6 (8... h6 $142) 9. Qd2 Bg7 (9... h5 $16 10. O-O-O Ne7) 10. O-O-O $18 Ne7 {[#]} 11. dxe5 $146 ({Predecessor:} 11. h5 b5 12. dxe5 Bxe5 13. Nxe5 dxe5 14. hxg6 fxg6 15. f4 O-O 16. Qh2 Rf7 17. f5 {1-0 (24) Fantinel,T (2187)-L'Hospital,P (1891) Ambes 2010}) 11... dxe5 12. h5 Nb6 $2 (12... gxh5 $16 {is tougher.} 13. Bh3 (13. Rxh5 Nb6 $16) 13... Nf8) 13. h6 Bf8 {[#] Now ...Bg4 and Black clings on.} 14. Ne1 $2 (14. Nxe5 $1 {[%mdl 512]} Be6 (14... Qxe5 15. Qd8#) 15. Bf4) 14... Be6 15. b3 Rd8 16. Qxd8+ Qxd8 17. Rxd8+ Kxd8 18. Nd3 Nd7 19. Bxa7 {Hoping for Nxe5!} b6 {[#] Strongly threatening ...Nc8.} 20. a4 $2 {[%mdl 8192]} (20. Nxe5 $1 $16 {is forced if you want to stay better.} Kc7 21. Nxd7 Bxd7 22. Ba6) 20... Nc8 $19 {White is on the road to losing.} 21. Bxb6+ Ncxb6 22. f4 exf4 23. Nxf4 Bb4 24. Nce2 Ne5 25. Nxe6+ fxe6 26. Nd4 Ke7 27. Bh3 Nbd7 28. Nxe6 Nc5 29. Nd4 $2 (29. Nxc5 {only move.} Bxc5 30. Kd2) 29... Rf8 30. Rd1 $2 (30. Rf1 {was forced.}) 30... Bc3 31. Ne2 Ba5 ({Not} 31... Nxe4 32. Nxc3 Nxc3 33. Rh1 $19) 32. Kb1 (32. Rf1 {is a better defense.}) 32... Rd8 33. Rxd8 Kxd8 34. Ka2 Nxe4 35. c4 Nc3+ 36. Nxc3 Bxc3 37. Ka3 $2 (37. Be6) 37... c5 38. Bf1 Bb4+ 39. Kb2 Nf7 40. Kc2 Nxg5 41. Bd3 Ke7 42. Bxg6 hxg6 {Black mates.} 43. Kd3 Nh7 44. a5 Bxa5 45. Ke4 Bb4 46. Kd5 Kf7 47. Ke4 g5 48. Kf5 Bc3 49. Kg4 Kg6 50. Kf3 Bb4 51. Kg4 Kxh6 52. Kf3 Kg6 53. Ke4 Nf6+ 54. Kf3 Kf5 55. Kg3 g4 56. Kh4 Ne4 57. Kh5 g3 58. Kh4 g2 59. Kh3 g1=Q {Accuracy: White = 36%, Black = 54%.} 0-1

[Event "Stay Safe Play From Home 289"]
[Site "Emanuel Lasker Arena"]
[Date "2020.07.09"]
[Round "9"]
[White "Lazieri3"]
[Black "Mandy"]
[Result "1-0"]
[WhiteElo "2085"]
[BlackElo "900"]
[Annotator "TA"]
[PlyCount "31"]
[EventDate "2020.07.09"]
[EventType "swiss (blitz)"]

{[%evp 9,31,29,27,16,16,17,112,15,54,9,400,8,11,22,19,14,54,17,75,68,54,56,267,52]} 1. e4 c6 2. Nc3 d5 3. d4 Nf6 4. exd5 Nxd5 5. Nxd5 cxd5 6. c3 {[#] B15: Caro-Kann: 3 Nc3: 3...g6 and 3...dxe4 4 Nxe4 Nf6 5 Nxf6+ exf6.} Bf5 $146 ({Predecessor:} 6... Nc6 7. Bf4 Bf5 8. Qb3 Qd7 9. Nf3 a6 10. Be2 e6 11. O-O Be7 12. Rfe1 O-O {½-½ (30) Nguyen,H-Hoang Canh,H Ha Tinh 2000}) 7. Nf3 g6 {[#]} (7... Nc6 $11 {keeps the balance.}) 8. Bd3 (8. Qb3 $1 $16) 8... e6 9. Bb5+ Nd7 $2 {[%mdl 8192]} (9... Nc6 $11 {and Black has nothing to worry.}) 10. h3 $2 (10. Ne5 $18 Bg7 11. Bxd7+ Kf8 12. Ba4) 10... a6 $11 11. Ba4 b5 12. Bb3 Rc8 13. O-O Nb6 (13... h5 $11) 14. g4 Be4 15. Ng5 f5 $2 {[#]} ({Black should try} 15... Be7 $14) 16. Nxe6 $2 {Accuracy: White = 45%, Black = 34%.} (16. f3 $18 Bh6 17. h4 (17. fxe4 Bxg5 18. exf5 exf5 $18) (17. Nxe6 Qd6 $14)) 1-0

[Event "Stay Safe Play From Home 289"]
[Site "Emanuel Lasker Arena"]
[Date "2020.07.09"]
[Round "9"]
[White "Fischer_11"]
[Black "Mepe_Nika"]
[Result "0-1"]
[WhiteElo "2029"]
[BlackElo "2347"]
[Annotator "NA"]
[PlyCount "72"]
[EventDate "2020.07.09"]
[EventType "swiss (blitz)"]

1. e4 {[%emt 0:00:02]} e5 {[%emt 0:00:02]} 2. Nc3 {[%emt 0:00:01]} Nf6 {[%emt 0:00:01]} 3. Bc4 {[%emt 0:00:00]} Bc5 {[%emt 0:00:01]} 4. d3 {[%emt 0:00:01]} d6 {[%emt 0:00:01]} 5. f4 {[%emt 0:00:01]} Nc6 {[%emt 0:00:00]} 6. Nf3 {[%emt 0:00:00]} exf4 {[%emt 0:00:02]} 7. Na4 {[%emt 0:00:02]} Be3 {[%emt 0:00:03]} 8. Bxe3 {[%emt 0:00:02]} fxe3 {[%emt 0:00:00]} 9. Qe2 {[%emt 0:00:00]} O-O {[%emt 0:00:03]} 10. Qxe3 {[%emt 0:00:01]} d5 {[%emt 0:00:00]} 11. Bb3 {[%emt 0:00:05]} dxe4 {[%emt 0:00:01]} 12. dxe4 {[%emt 0:00:00]} Nxe4 {[%emt 0:00:02]} 13. O-O {[%emt 0:00:02]} Nf6 {[%emt 0:00:05]} 14. Nc5 {[%emt 0:00:03]} b6 {[%emt 0:00:02]} 15. Ba4 {[%emt 0:00:05]} Nb4 {[%emt 0:00:05]} 16. Ne4 {[%emt 0:00:03]} Nbd5 {[%emt 0:00:06]} 17. Qg5 {[%emt 0:00:04]} Nxe4 {[%emt 0:00:03]} 18. Qh4 {[%emt 0:00:03]} Qxh4 {[%emt 0:00:02]} 19. Nxh4 {[%emt 0:00:04]} Bb7 {[%emt 0:00:00]} 20. Rae1 {[%emt 0:00:02]} Nc5 {[%emt 0:00:01]} 21. Nf5 {[%emt 0:00:00]} Nxa4 {[%emt 0:00:01]} 22. c4 {[%emt 0:00:01]} Nf6 {[%emt 0:00:01]} 23. Ne7+ {[%emt 0:00:00]} Kh8 {[%emt 0:00:00]} 24. b3 {[%emt 0:00:00]} Nc5 {[%emt 0:00:01]} 25. Nf5 {[%emt 0:00:00]} Nce4 {[%emt 0:00:01]} 26. h3 {[%emt 0:00:01]} Rad8 {[%emt 0:00:00]} 27. Re2 {[%emt 0:00:02]} Rd2 {[%emt 0:00:01]} 28. Rfe1 {[%emt 0:00:01]} Rxe2 {[%emt 0:00:01]} 29. Rxe2 {[%emt 0:00:00]} g6 {[%emt 0:00:01]} 30. Ne3 {[%emt 0:00:01]} Kg7 {[%emt 0:00:01]} 31. g4 {[%emt 0:00:01]} Rd8 {[%emt 0:00:01]} 32. g5 {[%emt 0:00:00]} Nh5 {[%emt 0:00:01]} 33. h4 {[%emt 0:00:05]} Nf4 {[%emt 0:00:01]} 34. Re1 {[%emt 0:00:01]} Rd2 {[%emt 0:00:01]} 35. Nd5 {[%emt 0:00:01]} Rg2+ {[%emt 0:00:01]} 36. Kf1 {[%emt 0:00:01]} Ng3# {[%emt 0:00:00] (Lag: Av=0.51s, max=5.3s)} 0-1

[Event "Stay Safe Play From Home 289"]
[Site "Emanuel Lasker Arena"]
[Date "2020.07.09"]
[Round "9"]
[White "Haris kollari 13"]
[Black "Trotsky"]
[Result "0-1"]
[WhiteElo "1751"]
[BlackElo "1585"]
[Annotator "NA"]
[PlyCount "72"]
[EventDate "2020.07.09"]
[EventType "swiss (blitz)"]

1. e4 {[%emt 0:00:01]} c5 {[%emt 0:00:01]} 2. f4 {[%emt 0:00:01]} e6 {[%emt 0:00:00]} 3. e5 {[%emt 0:00:01]} d5 {[%emt 0:00:01]} 4. Nf3 {[%emt 0:00:00]} Nc6 {[%emt 0:00:01]} 5. c3 {[%emt 0:00:00]} Qc7 {[%emt 0:00:00]} 6. d4 {[%emt 0:00:01]} Bd7 {[%emt 0:00:01]} 7. Bd3 {[%emt 0:00:01]} O-O-O {[%emt 0:00:01]} 8. Be3 {[%emt 0:00:01]} c4 {[%emt 0:00:01]} 9. Bc2 {[%emt 0:00:01]} f6 {[%emt 0:00:02]} 10. Qe2 {[%emt 0:00:01]} h5 {[%emt 0:00:01]} 11. Nbd2 {[%emt 0:00:02]} Nh6 {[%emt 0:00:01]} 12. h3 {[%emt 0:00:01]} g5 {[%emt 0:00:02]} 13. exf6 {[%emt 0:00:03]} Bd6 {[%emt 0:00:05]} 14. fxg5 {[%emt 0:00:01]} Ng4 {[%emt 0:00:01]} 15. hxg4 {[%emt 0:00:01]} Bg3+ {[%emt 0:00:03]} 16. Kd1 {[%emt 0:00:01]} hxg4 {[%emt 0:00:01]} 17. Rxh8 {[%emt 0:00:01]} Rxh8 {[%emt 0:00:01]} 18. Ne5 {[%emt 0:00:02]} Rh1+ {[%emt 0:00:01]} 19. Nf1 {[%emt 0:00:01]} Nxe5 {[%emt 0:00:03]} 20. dxe5 {[%emt 0:00:01]} d4 {[%emt 0:00:01]} 21. cxd4 {[%emt 0:00:01]} Qa5 {[%emt 0:00:03]} 22. Bd2 {[%emt 0:00:04]} c3 {[%emt 0:00:01]} 23. Qc4+ {[%emt 0:00:05]} Kb8 {[%emt 0:00:02]} 24. Bxc3 {[%emt 0:00:01]} Qb6 {[%emt 0:00:01]} 25. Ke2 {[%emt 0:00:02]} Bb5 {[%emt 0:00:02]} 26. Bd3 {[%emt 0:00:04]} Bxc4 {[%emt 0:00:01]} 27. Bxc4 {[%emt 0:00:01]} Rg1 {[%emt 0:00:03]} 28. Nxg3 {[%emt 0:00:02]} Rxg2+ {[%emt 0:00:01]} 29. Kf1 {[%emt 0:00:04]} Rxg3 {[%emt 0:00:01]} 30. Re1 {[%emt 0:00:01]} Qc6 {[%emt 0:00:01]} 31. Ke2 {[%emt 0:00:06]} Qe4+ {[%emt 0:00:04]} 32. Kd2 {[%emt 0:00:01]} Rg2+ {[%emt 0:00:03]} 33. Be2 {[%emt 0:00:01]} Qf3 {[%emt 0:00:02]} 34. Kd1 {[%emt 0:00:03]} Rxe2 {[%emt 0:00:01]} 35. Rxe2 {[%emt 0:00:01]} Qf1+ {[%emt 0:00:01]} 36. Kd2 {[%emt 0:00:01]} g3 {[%emt 0:00:01] Time (Lag: Av=0.44s, max=5.3s) .} 0-1